Western United States Map Quiz - Statistics

General Stats
  • This quiz has been taken 2,727 times
  • The average score is 11 of 13
Answers on the Map
Answers color-coded by a green-red scale on the quiz's map according to % correct below.
 
Answer Stats
Answer % Correct
California
95%
Alaska
92%
Hawaii
92%
Washington
92%
Oregon
88%
New Mexico
87%
Montana
82%
Idaho
81%
Nevada
81%
Arizona
80%
Utah
79%
Colorado
78%
Wyoming
73%
No matching quizzes found
Score Distribution
Percent of People with Each Score
Percentile by Number Answered
Your Score History
You have not taken this quiz